000 00565nam a2200229Ia 4500
003 OSt
005 20220918212327.0
006 a|||||r|||| 00| 0
007 ta
008 220917b |||||||| |||| 00| 0 eng d
024 _a128,400
037 _cTextual
040 _aARTS
_cARTS
_beng
041 _2eng
_aeng
082 _aX.2.N5, K3
100 _aGhosh Alak
_9123435
245 0 _aIndian economy
_b its nature and problems
260 _c1963
650 _aECONOMICS
942 _hX.2.N5, K3
_cTEXL
_2CC
999 _c251538
_d251538